Hearts of Iron 4 Releasable Nations (updated) - Statistics

General Stats
  • This quiz has been taken 28 times
    7 since last reset
  • The average score is 151 of 261
Answer Stats
Cores In Answer % Correct
France Algeria
100%
Iran/Soviet Union Azerbaijan Democratic Republic
100%
British Raj Bangladesh
100%
British Malaya Brunei Darussalam
100%
Belgian Congo/Belgium Burundi
100%
France Central African Republic
100%
France Chad
100%
Belgium (w/o DLC) Congolese State
100%
France Corsican Republic
100%
United Kingdom Democratic Socialist Republic of Sri Lanka
100%
Italy Eritrea
100%
Denmark Greenland
100%
France Guinea
100%
Finland/Soviet Union Karelia
100%
British Raj Khalistan
100%
Germany Kingdom of Bavaria
100%
Germany Kingdom of Prussia
100%
Republic of Syria/Iran/Iraq/Turkey Kurdistan
100%
France/Spain Morocco
100%
France Niger
100%
United Kingdom Nigeria
100%
Australia Papua New Guinea
100%
British Malaya Raj of Sarawak
100%
Soviet Union (German puppet) Reichskommissariat Ukraine
100%
Poland/Soviet Union Republic of Belarus
100%
France Republic of Madagascar
100%
Poland/Romania/Soviet Union/Czechoslovakia Republic of Ukraine
100%
Belgian Congo/Belgium Rwanda
100%
Czechoslovakia Slovakia
100%
Italy/Ethiopia/France/UK Somalia
100%
France Tunisia
100%
Portugal Angola
83%
British Raj/Iran Balochistan
83%
Yugoslavia Bosnia-Herzegovina
83%
United Kingdom Botswana
83%
France Cameroon
83%
Spain Catalonia
83%
France Congo-Brazzaville
83%
France Cote d'Ivoire
83%
France Dahomey
83%
Spain Equatorial Guinea
83%
Soviet Union Far Eastern Republic
83%
United Kingdom Ghana
83%
Italy Grand Duchy of Tuscany
83%
Portugal Guinea-Bissau
83%
Yugoslavia Independent State of Croatia
83%
New Zealand Independent State of Samoa
83%
British Raj Kashmir
83%
Soviet Union Kazakhstan
83%
United Kingdom Kenya
83%
United Kingdom Kingdom of Bahrain
83%
United Kingdom Kingdom of Egypt
83%
United States Kingdom of Hawai'i
83%
Italy Kingdom of Libya
83%
Germany Kingdom of Saxony
83%
Italy Kingdom of the Two Sicilies
83%
Japan Korea
83%
United Kingdom Malawi
83%
United Kingdom Maldives
83%
France Mali
83%
France Mauritania
83%
Romania/Soviet Union Moldova
83%
Soviet Union Mountainous Republic of Dagestan
83%
South Africa Namibia
83%
United Kingdom Northern Ireland
83%
France Occitania
83%
British Raj Pakistan
83%
Soviet Union Republic of Georgia
83%
Yugoslavia Republic of Macedonia
83%
Yugoslavia Republic of Montenegro
83%
United Kingdom Republic of Qatar
83%
Yugoslavia Republic of Slovenia
83%
Japan Republic of Taiwan
83%
Soviet Union/Afghanistan Republic of Turkmenistan
83%
Finland/Norway/Soviet Union/Sweden Sapmi
83%
United Kingdom Scotland
83%
France Senegal
83%
United Kingdom Sierra Leone
83%
United Kingdom Singapore
83%
United Kingdom Sudan
83%
United Kingdom Tanzania
83%
United Kingdom The Gambia
83%
France Togo
83%
United Kingdom Uganda
83%
United Kingdom Wales
83%
United Kingdom Zambia
83%
United Kingdom Zimbabwe
83%
Spain (game rule) Al-Andalus
67%
Spain (game rule) Aragon
67%
Iraq Assyria
67%
France/Spain Basque Country
67%
United Kingdom Belize
67%
France Brittany
67%
Soviet Union Chechen-Ingush Republic
67%
United Kingdom Co-operative Republic of Guyana
67%
France Djibouti
67%
Soviet Union (decision) Don Host
67%
Soviet Union Federal Republic of Kabardins and Karachay-Balkars
67%
Japan Federated States of Micronesia
67%
France Gabon
67%
Germany Grand Duchy of Mecklenburg
67%
British Raj Hyderabad
67%
Mandatory Palestine Israel
67%
Belgian Congo/Belgium Katanga
67%
Chile Kingdom of Rapa Nui
67%
Yugoslavia Kosovo
67%
Soviet Union (decision) Kuban Host
67%
United Kingdom Malta
67%
Portugal Mozambique
67%
British Raj Mysore
67%
Soviet Union North Ossetia-Alania
67%
Italy Papal States
67%
United States Puerto Rico
67%
Canada Quebec
67%
Soviet Union (German puppet) Reichskommissariat Moskowien
67%
Soviet Union/Turkey Republic of Armenia
67%
France Republic of Cambodia
67%
United Kingdom Republic of Cyprus
67%
Spain Republic of Galizia
67%
France Republic of Laos
67%
Netherlands Republic of Suriname
67%
Soviet Union/Afghanistan Republic of Tajikistan
67%
Soviet Union Republic of Uzbekistan
67%
France Republic of Vietnam
67%
Dutch East Indies Republic of West Papua
67%
Mexico Republic of Yucatan
67%
Spain Sahrawi Arab Democratic Republic
67%
Yugoslavia Serbia
67%
British Raj Sindh
67%
Australia Solomon Islands
67%
Ethiopia Tigray
67%
Romania/Yugoslavia Transylvania
67%
United Kingdom Trucial States
67%
France Upper Volta
67%
British Raj Western Indian States
67%
Soviet Union Abkhazia
50%
Japan/Soviet Union Ainu Republic
50%
Soviet Union Bashkortostan
50%
Czechoslovakia (German puppet) Bohemen-Mahren
50%
Soviet Union Bukhara Jadidist Republic
50%
Soviet Union Chukotka Republic
50%
Soviet Union Chuvashia
50%
Soviet Union Crimea
50%
Portugal Democratic Republic of Cabo Verde
50%
British Raj/Oman Federation of South Arabia
50%
Poland Free City of Danzig
50%
Germany Free State of Thuringia
50%
Germany Grand Duchy of Hesse
50%
Norway Jan Mayen
50%
Soviet Union Kalmykia
50%
Germany/Poland Kashubia
50%
Soviet Union Khivan Jadidist Republic
50%
Germany Kingdom of Baden-Wurttemberg
50%
British Raj Kingdom of Sikkim
50%
Germany Kingdom of Westphalia
50%
Sinkiang Kumul Khanate
50%
Soviet Union Kyrgyzstan
50%
Soviet Union Mari El
50%
Spain (game rule) Navarra
50%
Soviet Union Nenetsia
50%
Ethiopia Oromia
50%
Albania/Bulgaria/Romania/Yugoslavia/Czechoslovakia/Greece/Hungary (German puppet) Reichskommissariat Balkan
50%
Ireland/United Kingdom (German puppet) Reichskommissariat Grossbrittanien
50%
Soviet Union (German puppet) Reichskommissariat Kaukasien
50%
Belgian Congo/Ethiopia/France/Italy/Liberia/South Africa/United Kingdom (German puppet) Reichskommissariat Mittelafrika
50%
Belarus/Estonia/Latvia/Lithuania (German puppet) Reichskommissariat Ostland
50%
Soviet Union Republic of Buryatia
50%
France Republic of Cayenne
50%
Soviet Union Republic of Karakalpakstan
50%
Japan Republic of Palau
50%
Spain Republic of the Rif
50%
Soviet Union Republic of Volga Germany
50%
Japan Ryukyu Kingdom
50%
Soviet Union Sakha Republic
50%
Germany Schleswig-Holstein
50%
Germany/Poland Silesia
50%
Czechoslovakia Sudetenland
50%
France Tahiti
50%
Soviet Union Udmurtia
50%
Yugoslavia Vojvodina
50%
Czechoslovakia Carpatho-Ukraine
33%
United Kingdom Commonwealth of the Bahamas
33%
United States (event) Confederacy of American States
33%
Yugoslavia Dalmatia
33%
Portugal Democratic Republic of Timor-Leste
33%
Germany (event) East Germany
33%
Soviet Union Evenkia
33%
Poland (German puppet) Generalgouverenment
33%
Yugoslavia Herzegovina
33%
Brazil/Chile/Ecuador/Peru (game rule) Inca Empire
33%
Soviet Union Komi Republic
33%
British Raj Madras Princely States
33%
Japan/United States Mariana Federation
33%
Mexico/Guatemala (game rule) Maya State
33%
United Kingdom Melanesian Federation
33%
Honduras/Nicaragua (game rule) Mosquito Kingdom
33%
British Raj North-Western Frontier Provinces
33%
Belgium/France (German puppet) Reichskommissariat Belgien-Nordfrankreich
33%
Afghanistan/British Raj/Bhutan/Burma/Nepal/Tibet (German puppet) Reichskommissariat Hindustan
33%
France/Italy/Spain/United Kingdom (German puppet) Reichskommissariat Nordafrika
33%
Canada/Denmark/USA (German puppet) Reichskommissariat Nordamerika
33%
Norway (German puppet) Reichskommissariat Norwegen
33%
Soviet Union (German puppet) Reichskommissariat Ural
33%
France Republic of Guadeloupe
33%
British Malaya Republic of Sabah
33%
Mexico Republic of the Rio Grande
33%
Germany Rhenish Republic
33%
Italy Sardinia-Piedmont
33%
Soviet Union Tatarstan
33%
Soviet Union Taymyria
33%
Soviet Union Vladivostok Independent Republic
33%
Germany (event) West Germany
33%
Argentina Y Wladychfa Gymreig
33%
Soviet Union Altai
17%
Ethiopia Benishangul-Gumuz Nation
17%
British Raj Central Indian Princely States
17%
France Champa Republic
17%
Uruguay (game rule) Charrua Nation
17%
Ethiopia Emirate of Harar
17%
Japan Ezo Republic
17%
Czechoslovakia Galicia-Lodomeria
17%
Ethiopia Gambela
17%
Argentina/Brazil/Paraguay (game rule) Guarani Nation
17%
Oman Imamate of Oman
17%
Colombia/Costa Rica/Netherlands/Panama/United Kingdom/Venezuela (game rule) Isthmo-Amerindian State
17%
Ethiopia/Italy Italian State of East Africa
17%
United Kingdom (game rule) Itza Nation
17%
United Kingdom Jamaica
17%
Iran Khorasan
17%
United Kingdom Kingdom of Barotseland
17%
Italy Kingdom of Lombardy-Venetia
17%
Ethiopia Kingdom of Sidamo
17%
British Raj Kolhapur and Deccan States
17%
British Raj Manipur
17%
United Kingdom (decision) Mughal West Britain Company
17%
El Salvador (game rule) Nahua Nation
17%
Netherlands Netherlands Antilles
17%
Soviet Union Ostyak-Vogul National Republic
17%
Ethiopia Qemant State
17%
Argentina/Bolivia/Chile/Colombia/Ecuador/Peru (German puppet) Reichskommissariat Anden
17%
Jordan/Lebanon/Iraq/Palestine/Syria/Turkey (German Puppet) Reichskommissariat Arabien
17%
Australia/British Malaya/Dutch East Indies/New Zealand/Thailand (German puppet) Reichskommissariat Australasien
17%
France/Spain/Portugal/United Kingdom (German puppet) Reichskommissariat Iberian
17%
Argentina/Bolivia/Brazil/Colombia/France/Netherlands/Paraguay/Uruguay/Venezuela (German puppet) Reichskommissariat Klein-Venedig
17%
Canada/Cuba/France/Dominican Republic/Haiti/Mexico/Netherlands/United Kingdom/United States (German puppet) Reichskommissariat Kolumbus
17%
Netherlands (German puppet) Reichskommissariat Niederlande
17%
China/France/Japan/Mongolia/Philippines/Soviet Union/Thailand (German puppet) Reichskommissariat Ostasien
17%
Mongolia/Sinkiang/Soviet Union/Tuva (German puppet) Reichskommissariat Turkestan
17%
China Reorganized National Government of the Republic of China
17%
United Kingdom Republic of Biafra
17%
Soviet Union Republic of Khakassia
17%
United Kingdom Republic of the British Antilles
17%
Philippines Second Philippine Republic
17%
France/UK Sokoto Caliphate
17%
United States (event) Unaligned States of America
17%
Estonia/Latvia United Baltic Duchy
17%
Canada/Denmark/Soviet Union/United Kingdom/United States (game rule) United Inuit States
17%
Soviet Union Yamalian Republic
17%
British Raj/Iran Khanate of Kalat
0%
British Raj Rajputana
0%
United Kingdom Republic of Trinidad and Tobago
0%
No matching quizzes found
Score Distribution
Percent of People with Each Score
Percentile by Number Answered
Your Score History
You have not taken this quiz since the last reset